<?xml version="1.0" encoding="UTF-8"?>
<collection xmlns="http://www.loc.gov/MARC21/slim">
    <record>
        <controlfield tag="001">11392</controlfield>
        <controlfield tag="005">20150325140218.0</controlfield>
        <datafield tag="037" ind1=" " ind2=" ">
            <subfield code="a">TAZ-TFG-2013-554</subfield>
        </datafield>
        <datafield tag="041" ind1=" " ind2=" ">
            <subfield code="a">spa</subfield>
        </datafield>
        <datafield tag="100" ind1="1" ind2=" ">
            <subfield code="a">Jorge Fernandez, Unai</subfield>
        </datafield>
        <datafield tag="245" ind1="0" ind2="0">
            <subfield code="a">Desarrollo de una herramienta de observación para el análisis del lanzamiento en balonmano</subfield>
        </datafield>
        <datafield tag="260" ind1=" " ind2=" ">
            <subfield code="a">Zaragoza</subfield>
            <subfield code="b">Universidad de Zaragoza</subfield>
            <subfield code="c">2013</subfield>
        </datafield>
        <datafield tag="506" ind1=" " ind2=" ">
            <subfield code="a">by-nc-sa</subfield>
            <subfield code="b">Creative Commons</subfield>
            <subfield code="c">3.0</subfield>
            <subfield code="u">http://creativecommons.org/licenses/by-nc-sa/3.0/</subfield>
        </datafield>
        <datafield tag="500" ind1=" " ind2=" ">
            <subfield code="a">Conclusiones disponibles en inglés</subfield>
        </datafield>
        <datafield tag="520" ind1=" " ind2=" ">
            <subfield code="a">El lanzamiento en balonmano es el producto final del proceso de juego y dada su importancia es la variable analizada en esta investigación a través de un método eficaz como es el estudio notacional. En el momento de diseñar una herramienta observacional de lanzamiento de balonmano, se ha seguido el siguiente procedimiento: construcción de un sistema taxonómico de codificación, elaboración de un protocolo de filmación, entrenamiento de los observadores, codificación, registro y almacenamiento de los datos, análisis de la calidad del dato y creación de una base de datos computerizada. Los quince partidos de la primera vuelta de la Liga Asobal pertenecientes al Club Balonmano Huesca, fueron registrados mediante una videocámara digital para después, ser visualizados y analizados por el observador. El sistema de análisis desarrollado ha sido fiable, objetivo y eficaz para analizar el lanzamiento de balonmano y ha permitido cuantificar la combinación de las categorías de cada criterio y sus niveles de eficacia. Después de la aplicación práctica de la herramienta observacional ad hoc a los partidos seleccionados, se obtuvieron resultados, que se trataron a posteriori, referentes a frecuencias y porcentajes y de los siguientes criterios que se desglosaron en categorías: situación de juego, movimientos al lanzar, altura del armado, mano lanzadora, estilo de lanzamiento, número de apoyos, colocación del lanzamiento, distancia del lanzamiento, destino del lanzamiento, oposición rival, éxito, posición del jugador y dorsal del jugador.  	Los jugadores de la muestra de este estudio utilizan principalmente dos pasos previos al lanzamiento, un armado alto ejecutado a través de un estilo clásico, lanzando en suspensión desde una distancia de entre seis y nueve metros. Se puede concluir que el lanzamiento de vaselina ha sido el más eficaz en los jugadores que han formado la muestra, y que la zona central es la más eficaz para lanzar. La situación óptima de lanzamiento se ejecuta sin marcaje defensivo. Por último, la efectividad en las situaciones de contraataque y un elevado porcentaje de gol por lanzamiento, son claves para obtener rendimiento ofensivo.</subfield>
        </datafield>
        <datafield tag="521" ind1=" " ind2=" ">
            <subfield code="a">Graduado en Ciencias de la Actividad Física y del Deporte</subfield>
        </datafield>
        <datafield tag="540" ind1=" " ind2=" ">
            <subfield code="a">Derechos regulados por licencia Creative Commons</subfield>
        </datafield>
        <datafield tag="653" ind1="1" ind2=" ">
            <subfield code="a">lanzamiento</subfield>
        </datafield>
        <datafield tag="653" ind1="1" ind2=" ">
            <subfield code="a">balonmano</subfield>
        </datafield>
        <datafield tag="653" ind1="1" ind2=" ">
            <subfield code="a">notacional</subfield>
        </datafield>
        <datafield tag="653" ind1="1" ind2=" ">
            <subfield code="a">observación</subfield>
        </datafield>
        <datafield tag="700" ind1=" " ind2=" ">
            <subfield code="a">Castellar Otín, Carlos</subfield>
            <subfield code="e">dir.</subfield>
        </datafield>
        <datafield tag="710" ind1="2" ind2=" ">
            <subfield code="a">Universidad de Zaragoza</subfield>
            <subfield code="b">Expresión Musical, Plástica y Corporal</subfield>
            <subfield code="c">Didáctica de la Expresión Corporal</subfield>
        </datafield>
        <datafield tag="856" ind1="0" ind2=" ">
            <subfield code="f">616554@celes.unizar.es</subfield>
        </datafield>
        <datafield tag="856" ind1="4" ind2=" ">
            <subfield code="s">1018519</subfield>
            <subfield code="u">http://zaguan.unizar.es/record/11392/files/TAZ-TFG-2013-554.pdf</subfield>
            <subfield code="y">Memoria (spa)</subfield>
        </datafield>
        <datafield tag="909" ind1="C" ind2="O">
            <subfield code="o">oai:zaguan.unizar.es:11392</subfield>
            <subfield code="p">trabajos-fin-grado</subfield>
            <subfield code="p">driver</subfield>
        </datafield>
        <datafield tag="950" ind1=" " ind2=" ">
            <subfield code="a"></subfield>
        </datafield>
        <datafield tag="980" ind1=" " ind2=" ">
            <subfield code="a">TAZ</subfield>
            <subfield code="b">TFG</subfield>
            <subfield code="c">FCSHUES</subfield>
        </datafield>
    </record>

    
</collection>